000 00481nam a2200157 i 4500
001 134791
003 ES-MaACL
005 20230906194738.0
007 t|
008 070913s1910 gw ||||1| ger d
100 1 _aWilamowitz-Moellendorff, Ulrich von.
_9116801
245 1 0 _aStaat und Gesellschaft der Griechen und Römer /
_cvon U. v. Wilamowitz-Moellendorff und B. Niese.
260 _aBerlin :
_bTeubner,
_c1910.
300 _a280 p. ;
_c26 cm.
852 _aES-MaACL
_jF-4817
999 _c134791
_d134791